CLINICAL PHARMACY POCKET COMPANION (Record no. 199998)

MARC details
000 -LEADER
fixed length control field 00652nam a2200193Ia 4500
003 - CONTROL NUMBER IDENTIFIER
control field OSt
005 - DATE AND TIME OF LATEST TRANSACTION
control field 20260429153317.0
020 ## - INTERNATIONAL STANDARD BOOK NUMBER
International Standard Book Number 978-0-85369-955-2
040 ## - CATALOGING SOURCE
Transcribing agency LC
050 ## - LIBRARY OF CONGRESS CALL NUMBER
Classification number RS 91. W75 2006
100 ## - MAIN ENTRY--PERSONAL NAME
Personal name WRIGHT, JANE
245 #0 - TITLE STATEMENT
Title CLINICAL PHARMACY POCKET COMPANION
260 ## - PUBLICATION, DISTRIBUTION, ETC.
Place of publication, distribution, etc. LONDON,
Name of publisher, distributor, etc. PHARMACEUTICAL PRESS,
Date of publication, distribution, etc. 2006,
300 ## - PHYSICAL DESCRIPTION
Extent XV, 453 P, ILL
500 ## - GENERAL NOTE
General note INCLUDES INDEX
650 ## - SUBJECT ADDED ENTRY--TOPICAL TERM
Topical term or geographic name entry element 1.Clinical pharmacy-Handbooks, manuals, etc. 2. Pharmacology-Handbooks, manuals, etc. 3. Drug therapy-Handbooks, manuals, etc. 4. Pharmaceutical care-Handbooks, manuals, etc.
700 ## - ADDED ENTRY--PERSONAL NAME
Personal name GRAY ALISTAIR HOWARD, GOODEY VINCENT
942 ## - ADDED ENTRY ELEMENTS (KOHA)
Koha item type Long Loan Book
Source of classification or shelving scheme Library of Congress Classification
Holdings
Withdrawn status Lost status Source of classification or shelving scheme Damaged status Not for loan Collection Home library Current library Shelving location Date acquired Inventory number Total checkouts Full call number Barcode Date last seen Copy number Price effective from Koha item type
    Library of Congress Classification     Medicine Kisii University Library Kisii University Library On Display 09/15/2023 33986   RS 91 .W 75 2006 A001828 09/15/2023 1 09/15/2023 Long Loan Book
    Library of Congress Classification     Medicine Kisii University Library Kisii University Library On Display 04/29/2026 33987   RS 91 .W 75 2006 A001827 04/29/2026 2 04/29/2026 Long Loan Book